000 01251nam a2200253 a 4500
001 44831
003 BD-RjUL
005 20211209053926.0
008 160720r19751964pk a|||| ||| 000 0 ben d
020 _c: PRs. 8.75 (1964) ; Tk. 52.00 (3rd Printing 1975)
035 _a(BD-RjUL)44949
040 _aBD-RjUL
_bben
_cBD-RjUL
041 _aben
082 _223
_a297.648
_bNOA 1964-1975
100 1 0 _aনো'মানী, শিবলী
_9118386
245 1 0 _aআলফারুক /
_cশিবলী নো'মানী ; অনুবাদ : মুহীউদ্দিন খান ; সংশোধন ও পরিবর্ধনে: মো. তাবারকুল্লাহ
250 _aসংশোধিত ও পরিবর্ধিত সং
260 _aঢাকা :
_bএমাদাদিয়া লাইব্রেরী,
_c১৯৬৪ [মুদ্রণ ১৯৭৫]
300 _a[২৬], ৪০০ পৃ. :
_bচিত্র ;
_c২৪ সেমি.
600 _aহযরত ওমর ফারুক (রাঃ)
_xজীবনী
_y
_9237251
600 _aHazrat Omar (R)
_xBiography
_9237252
700 _aখান, মুহীউদ্দিন, অনুবাদক
_9237253
942 _2ddc
_cBK
999 _c44831
_d44831